000
00280nam a2200121Ia 4500
008
231129s9999||||xx |||||||||||||| ||spa||
040
_b
spa
082
_a
194 T264e
100
_a
Teilhard de Chardin Pierre
245
0
_a
La energia humana
264
_a
Taurus
942
_2
ddc
_c
BKS
999
_c
16958
_d
16958